|
|
|
|
| LEADER |
00000nam0a2200000 4500 |
| 001 |
203757 |
| 005 |
20231031185849.0 |
| 010 |
|
|
|a 5274009212
|
| 020 |
|
|
|a RU
|b 91-34740
|
| 035 |
|
|
|a (RuTPU)RU\TPU\book\222049
|
| 090 |
|
|
|a 203757
|
| 100 |
|
|
|a 20111111d1991 km y0rusy5003 ca
|
| 101 |
0 |
|
|a rus
|
| 102 |
|
|
|a RU
|
| 105 |
|
|
|a a g 001zy
|
| 200 |
1 |
|
|a Устройство и эксплуатация котлов: вопросы и ответы
|e справочник
|f В. С. Вергазов
|
| 205 |
|
|
|a 4-е изд., перераб. и доп.
|
| 210 |
|
|
|a Москва
|c Стройиздат
|d 1991
|
| 215 |
|
|
|a 272 с.
|c ил.
|
| 300 |
|
|
|a На обл. авт. не указан
|
| 320 |
|
|
|a Список литературы: с. 265.
|
| 320 |
|
|
|a Предм. указ.: с. 265-266.
|
| 610 |
1 |
|
|a котельные установки
|
| 610 |
1 |
|
|a паровые котлы
|
| 610 |
1 |
|
|a водогрейные котлы
|
| 610 |
1 |
|
|a топки
|
| 610 |
1 |
|
|a топочные устройства
|
| 610 |
1 |
|
|a органическое топливо
|
| 610 |
1 |
|
|a пароперегреватели
|
| 610 |
1 |
|
|a трубопроводы
|
| 610 |
1 |
|
|a контрольно-измерительные приборы
|
| 610 |
1 |
|
|a естественная тяга
|
| 610 |
1 |
|
|a искусственная тяга
|
| 610 |
1 |
|
|a насосы
|
| 610 |
1 |
|
|a автоматическое регулирование
|
| 610 |
1 |
|
|a электрооборудование
|
| 610 |
1 |
|
|a техническое освидетельствование
|
| 610 |
1 |
|
|a обслуживание
|
| 610 |
1 |
|
|a охрана труда
|
| 610 |
1 |
|
|a справочники
|
| 675 |
|
|
|a 697.32(035)
|z rus
|
| 700 |
|
1 |
|a Вергазов
|b В. А.
|g Василий Степанович
|4 070
|
| 801 |
|
0 |
|a RU
|b RuMRKP
|c 19950417
|g psbo
|
| 801 |
|
1 |
|a RU
|b 63413507
|c 20111111
|
| 801 |
|
2 |
|a RU
|b 63413507
|c 20111111
|g RCR
|
| 942 |
|
|
|c BK
|